<?xml version="1.0" encoding="UTF-8"?>
<record
    xmlns:xsi="http://www.w3.org/2001/XMLSchema-instance"
    xsi:schemaLocation="http://www.loc.gov/MARC21/slim http://www.loc.gov/standards/marcxml/schema/MARC21slim.xsd"
    xmlns="http://www.loc.gov/MARC21/slim">

  <leader>01011cam a22002535a 4500</leader>
  <datafield tag="999" ind1=" " ind2=" ">
    <subfield code="c">212</subfield>
    <subfield code="d">212</subfield>
  </datafield>
  <controlfield tag="001">17658694</controlfield>
  <controlfield tag="003">OSt</controlfield>
  <controlfield tag="005">20200312095450.0</controlfield>
  <controlfield tag="008">130314m2011    ilua     b    001 0 eng d</controlfield>
  <datafield tag="040" ind1=" " ind2=" ">
    <subfield code="a">KABLIB</subfield>
    <subfield code="b">eng</subfield>
    <subfield code="c">KABLIB</subfield>
    <subfield code="d">KABLIB</subfield>
  </datafield>
  <datafield tag="082" ind1="0" ind2="0">
    <subfield code="a">617.1027</subfield>
    <subfield code="2">23</subfield>
    <subfield code="b">INS</subfield>
  </datafield>
  <datafield tag="245" ind1="0" ind2="0">
    <subfield code="a">Instructional Course Lectures /</subfield>
    <subfield code="c">edited by Franklin H. Sim.</subfield>
  </datafield>
  <datafield tag="260" ind1=" " ind2=" ">
    <subfield code="a">Rosemont, IL :</subfield>
    <subfield code="b">American Academy Of Orthopaedic Surgeons,</subfield>
    <subfield code="c">c2001.</subfield>
  </datafield>
  <datafield tag="300" ind1=" " ind2=" ">
    <subfield code="a">xix, 644 p. :</subfield>
    <subfield code="b">ill. ;</subfield>
    <subfield code="c">29 cm.</subfield>
  </datafield>
  <datafield tag="500" ind1=" " ind2=" ">
    <subfield code="a">Includes index (p. 577-645).</subfield>
  </datafield>
  <datafield tag="504" ind1=" " ind2=" ">
    <subfield code="a">Includes bibliographical references (p. 575).</subfield>
  </datafield>
  <datafield tag="520" ind1=" " ind2=" ">
    <subfield code="a">"Current surgical approaches and up-to-date expertise on the important and developing topics facing the practice of orthopaedic sports medicine today." --</subfield>
    <subfield code="c">AAOS web site.</subfield>
  </datafield>
  <datafield tag="650" ind1=" " ind2="0">
    <subfield code="a">Sports medicine.</subfield>
    <subfield code="9">833</subfield>
  </datafield>
  <datafield tag="650" ind1=" " ind2="0">
    <subfield code="a">Orthopedics.</subfield>
    <subfield code="9">834</subfield>
  </datafield>
  <datafield tag="650" ind1=" " ind2="7">
    <subfield code="a">Orthopedics.</subfield>
    <subfield code="2">fast</subfield>
    <subfield code="0">(OCoLC)fst01048565</subfield>
    <subfield code="9">834</subfield>
  </datafield>
  <datafield tag="650" ind1=" " ind2="7">
    <subfield code="a">Sports medicine.</subfield>
    <subfield code="2">fast</subfield>
    <subfield code="0">(OCoLC)fst01130709</subfield>
    <subfield code="9">833</subfield>
  </datafield>
  <datafield tag="700" ind1="1" ind2=" ">
    <subfield code="a">Ahmad, Christopher S.</subfield>
    <subfield code="9">835</subfield>
  </datafield>
  <datafield tag="942" ind1=" " ind2=" ">
    <subfield code="2">ddc</subfield>
    <subfield code="c">BOOK</subfield>
  </datafield>
</record>
